<?xml version="1.0" encoding="UTF-8"?>
<record
    xmlns:xsi="http://www.w3.org/2001/XMLSchema-instance"
    xsi:schemaLocation="http://www.loc.gov/MARC21/slim http://www.loc.gov/standards/marcxml/schema/MARC21slim.xsd"
    xmlns="http://www.loc.gov/MARC21/slim">

  <leader>00755nam a22001937a 4500</leader>
  <datafield tag="999" ind1=" " ind2=" ">
    <subfield code="c">59502</subfield>
    <subfield code="d">59502</subfield>
  </datafield>
  <controlfield tag="003">Ge_BSU</controlfield>
  <controlfield tag="005">20230301154249.0</controlfield>
  <controlfield tag="008">230301s1977    ge ||||| |||| 00| 0 geo d</controlfield>
  <datafield tag="041" ind1=" " ind2=" ">
    <subfield code="a">geo</subfield>
  </datafield>
  <datafield tag="080" ind1=" " ind2=" ">
    <subfield code="a">616.89(038) &#x10E1;-45</subfield>
  </datafield>
  <datafield tag="100" ind1=" " ind2=" ">
    <subfield code="a">&#x10E1;&#x10D5;&#x10D0;&#x10DC;&#x10D8;, &#x10D1;.</subfield>
    <subfield code="9">17091</subfield>
  </datafield>
  <datafield tag="245" ind1=" " ind2=" ">
    <subfield code="a">&#x10E4;&#x10E1;&#x10D8;&#x10E5;&#x10D8;&#x10D0;&#x10E2;&#x10E0;&#x10D8;&#x10D8;&#x10E1; &#x10D2;&#x10D0;&#x10DC;&#x10DB;&#x10D0;&#x10E0;&#x10E2;&#x10D4;&#x10D1;&#x10D8;&#x10D7;&#x10D8; &#x10DA;&#x10D4;&#x10E5;&#x10E1;&#x10D8;&#x10D9;&#x10DD;&#x10DC;&#x10D8; /</subfield>
    <subfield code="c"> &#x10D1;. &#x10E1;&#x10D5;&#x10D0;&#x10DC;&#x10D8;, &#x10D4;. &#x10DC;&#x10D0;&#x10D9;&#x10D0;&#x10E8;&#x10D8;&#x10EB;&#x10D4;.</subfield>
  </datafield>
  <datafield tag="264" ind1=" " ind2=" ">
    <subfield code="a">&#x10D7;&#x10D1;&#x10D8;&#x10DA;&#x10D8;&#x10E1;&#x10D8; :</subfield>
    <subfield code="b"> &#x10E1;&#x10D0;&#x10D1;&#x10ED;. &#x10E1;&#x10D0;&#x10E5;&#x10D0;&#x10E0;&#x10D7;&#x10D5;&#x10D4;&#x10DA;&#x10DD;,</subfield>
    <subfield code="c">1977.</subfield>
  </datafield>
  <datafield tag="300" ind1=" " ind2=" ">
    <subfield code="a">86 &#x10D2;&#x10D5;. ; </subfield>
    <subfield code="b">20 &#x10E1;&#x10DB;.</subfield>
  </datafield>
  <datafield tag="653" ind1=" " ind2=" ">
    <subfield code="a">&#x10E4;&#x10E1;&#x10D8;&#x10E5;&#x10D8;&#x10D0;&#x10E2;&#x10E0;&#x10D8;&#x10D0;</subfield>
  </datafield>
  <datafield tag="653" ind1=" " ind2=" ">
    <subfield code="a">&#x10DA;&#x10D4;&#x10E5;&#x10E1;&#x10D8;&#x10D9;&#x10DD;&#x10DC;&#x10D8;</subfield>
  </datafield>
  <datafield tag="700" ind1=" " ind2=" ">
    <subfield code="a">&#x10DC;&#x10D0;&#x10D9;&#x10D0;&#x10E8;&#x10D8;&#x10EB;&#x10D4;, &#x10D4;. </subfield>
    <subfield code="e">&#x10D0;&#x10D5;&#x10E2;&#x10DD;&#x10E0;&#x10D8;</subfield>
    <subfield code="9">17092</subfield>
  </datafield>
  <datafield tag="942" ind1=" " ind2=" ">
    <subfield code="2">udc</subfield>
    <subfield code="c">BK</subfield>
  </datafield>
  <datafield tag="952" ind1=" " ind2=" ">
    <subfield code="0">0</subfield>
    <subfield code="1">0</subfield>
    <subfield code="2">udc</subfield>
    <subfield code="4">0</subfield>
    <subfield code="6">61689038_&#x10E1;45</subfield>
    <subfield code="7">0</subfield>
    <subfield code="9">93928</subfield>
    <subfield code="a">CPL</subfield>
    <subfield code="b">CPL</subfield>
    <subfield code="c">GEN</subfield>
    <subfield code="d">2023-03-01</subfield>
    <subfield code="g">5.00</subfield>
    <subfield code="o">616.89(038) &#x10E1;-45</subfield>
    <subfield code="p">63816</subfield>
    <subfield code="r">2023-03-01</subfield>
    <subfield code="t">63816</subfield>
    <subfield code="w">2023-03-01</subfield>
    <subfield code="y">BK</subfield>
    <subfield code="z">5 &#x10DA;.</subfield>
  </datafield>
</record>
